|
|
|
|
| LEADER |
01781cas a2200289 a 4500 |
| 001 |
AALejournalIMF022510 |
| 008 |
230101c9999 xx r poo 0 0eng d |
| 020 |
|
|
|c 5.00 USD
|
| 020 |
|
|
|z 9798400201479
|
| 022 |
|
|
|a 1934-7685
|
| 040 |
|
|
|a BD-DhAAL
|c BD-DhAAL
|
| 110 |
2 |
|
|a International Monetary Fund.
|b Monetary and Capital Markets Department.
|
| 245 |
1 |
0 |
|a Zimbabwe :
|b Technical Assistance Report-Basel III Implementation.
|
| 264 |
|
1 |
|a Washington, D.C. :
|b International Monetary Fund,
|c 2022.
|
| 300 |
|
|
|a 1 online resource (21 pages)
|
| 490 |
1 |
|
|a IMF Staff Country Reports
|
| 500 |
|
|
|a <strong>Off-Campus Access:</strong> No User ID or Password Required
|
| 500 |
|
|
|a <strong>On-Campus Access:</strong> No User ID or Password Required
|
| 506 |
|
|
|a Electronic access restricted to authorized BRAC University faculty, staff and students
|
| 520 |
3 |
|
|a As a follow-up to the 2019 FSSR, a remote TA mission supported the RBZ with the implementation of Basel III liquidity standards. The mission reviewed the RBZ drafts of the LCR and NSFR frameworks, discussed identified material gaps with the BSD management and relevant supervisors, and provided many recommendations on enhancing the drafts of liquidity regulations, monitoring tools, reporting templates, and disclosure. Further actions for implementing Basel III liquidity standards were agreed with the RBZ.
|
| 538 |
|
|
|a Mode of access: Internet
|
| 650 |
|
7 |
|a International Agreements and Observance
|2 imf
|
| 650 |
|
7 |
|a International Organizations
|2 imf
|
| 650 |
|
7 |
|a Monetary Policy
|2 imf
|
| 651 |
|
7 |
|a Zimbabwe
|2 imf
|
| 830 |
|
0 |
|a IMF Staff Country Reports; Country Report ;
|v No. 2022/066
|
| 856 |
4 |
0 |
|z Full text available on IMF
|u http://elibrary.imf.org/view/journals/002/2022/066/002.2022.issue-066-en.xml
|z IMF e-Library
|